[Event "Faxe EMT 2001"]
[Site "Faxe"]
[Date "2001.05.02"]
[Round "6"]
[White "Liebermann, Alexander"]
[Black "Hansen, Knud"]
[Result "1-0"]
[WhiteElo "1951"]
[BlackElo "1763"]
[PlyCount "103"]
[EventDate "2001.??.??"]

1. e4 e5 2. Nf3 d6 3. Bc4 Be7 4. O-O Nf6 5. Re1 O-O 6. h3 Nc6 7. c3 h6 8. d4
exd4 9. cxd4 a6 10. a4 Bd7 11. Nc3 Qc8 12. Bf4 Nd8 13. Kh2 Ne6 14. Be3 c6 15.
a5 Nh7 16. Qd3 Neg5 17. Nxg5 Bxg5 18. f4 Bd8 19. Bf2 Bc7 20. Bg3 Qd8 21. b4 Nf6
22. Bb3 Nh5 23. Rad1 Nxg3 24. Qxg3 Kh8 25. Kh1 Qc8 26. e5 d5 27. Na4 Bd8 28.
Rc1 Qb8 29. Qd3 b6 30. axb6 Bxb6 31. f5 Qa7 32. Nc5 Bxc5 33. bxc5 a5 34. Bc2
Qa6 35. Qg3 Be8 36. Bd3 Qc8 37. f6 g6 38. Re2 Rg8 39. Ra2 Bd7 40. Rca1 Qc7 41.
Qe3 Kh7 42. Qd2 Ra7 43. Rxa5 Rga8 44. Rxa7 Rxa7 45. Rb1 Ra3 46. Be2 Bf5 47. Rb6
Qc8 48. Qb2 Ra7 49. Kh2 h5 50. Rb8 Qd7 51. Qd2 Rc7 52. Rh8+ 1-0

[Event "Faxe EMT 2001"]
[Site "Faxe"]
[Date "2001.05.02"]
[Round "6"]
[White "Nielsen, Poul Erik2"]
[Black "Eckert, Svend"]
[Result "0-1"]
[WhiteElo "1399"]
[BlackElo "1642"]
[PlyCount "120"]
[EventDate "2001.??.??"]

1. Nf3 c6 2. c4 d5 3. cxd5 cxd5 4. d4 Nc6 5. Nc3 e6 6. a3 Bd6 7. e3 Nge7 8. Be2
O-O 9. O-O a6 10. Bd3 f5 11. b4 b5 12. Bb2 Bb7 13. Ng5 Rf6 14. f4 Rh6 15. Nf3
Qc7 16. Ne5 Ng6 17. Rc1 Rc8 18. Ne2 Qe7 19. Nf3 Nh4 20. Ng5 Rg6 21. g3 Rxg5 22.
fxg5 Qxg5 23. Nf4 Re8 24. Qh5 Qxh5 25. Nxh5 Ng6 26. Nf4 Nf8 27. Rfe1 g5 28. Ng2
Nd7 29. Rc2 Nf6 30. Rec1 Nd8 31. Be2 Nf7 32. Ne1 e5 33. dxe5 Nxe5 34. Bd4 Neg4
35. Ng2 Kf7 36. Bd3 Ne4 37. Rf1 Kg6 38. Bc5 Bb8 39. Bb6 Ne5 40. Be2 Nc4 41.
Bxc4 dxc4 42. Bd4 Nd6 43. Ne1 Be4 44. Rd2 Nf7 45. Rdf2 Nh6 46. Rd2 Ng4 47. Bc5
Ne5 48. Bd4 Nd3 49. Nxd3 Bxd3 50. Rxd3 cxd3 51. Rd1 f4 52. gxf4 gxf4 53. Rxd3
f3 54. Rd2 Kf5 55. Bc5 Rg8+ 56. Kh1 Be5 57. Rf2 Ke4 58. Rf1 Rg2 59. Re1 Rxh2+
60. Kg1 f2+ 0-1

[Event "Faxe EMT 2001"]
[Site "Faxe"]
[Date "2001.05.02"]
[Round "6"]
[White "Jensen, Niels"]
[Black "Wehlast, Svend Erik"]
[Result "0-1"]
[WhiteElo "1277"]
[BlackElo "1323"]
[PlyCount "138"]
[EventDate "2001.??.??"]

1. e4 e5 2. Bc4 Nf6 3. d3 h6 4. Nc3 Bc5 5. h3 d6 6. a3 c6 7. Nf3 b5 8. Ba2 Bb7
9. O-O O-O 10. Bd2 Nbd7 11. Nh2 Kh8 12. Kh1 Nh7 13. f4 f5 14. fxe5 fxe4 15.
Nxe4 Rxf1+ 16. Qxf1 dxe5 17. Nxc5 Nxc5 18. Be3 Nd7 19. Re1 Nhf6 20. Qe2 Qc7 21.
Ng4 Nxg4 22. Qxg4 c5 23. Rf1 Nf6 24. Qg3 Qc6 25. Rf2 c4 26. Qf3 e4 27. dxe4
Nxe4 28. Rf1 Qg6 29. Kh2 Nd2 30. Qxb7 Nxf1+ 31. Kg1 Re8 32. Bf2 Qxc2 33. Qf7
Qe2 34. Qf5 Qd1 35. Qf3 Qxf3 36. gxf3 Nd2 37. Kg2 Re2 38. h4 Nb3 39. Bb1 Rxb2
40. Be4 a5 41. Kg3 Nd2 42. Bd4 Nxe4+ 43. fxe4 Rb3+ 44. Kf4 c3 45. Be3 c2 46.
Bc1 b4 47. axb4 Rxb4 48. Ke3 Rb1 49. Kd2 Rb4 50. e5 Rxh4 51. Kxc2 Kg8 52. e6
Re4 53. Bd2 Re2 54. Kd3 Rxd2+ 55. Kxd2 g5 56. Ke3 a4 57. Ke4 a3 58. Ke5 Kf8 59.
Kf6 Ke8 60. Kg6 a2 61. Kxh6 g4 62. Kg5 g3 63. e7 g2 64. Kf5 Kxe7 65. Kf4 g1=Q
66. Kf5 a1=Q 67. Ke4 Qg4+ 68. Kd5 Qa5+ 69. Kc6 Qd7# 0-1

[Event "Faxe EMT 2001"]
[Site "Faxe"]
[Date "2001.05.02"]
[Round "6"]
[White "Refsgaard, Kaj"]
[Black "Eriksen, Knud Ejler"]
[Result "0-1"]
[WhiteElo "1692"]
[BlackElo "1166"]
[PlyCount "140"]
[EventDate "2001.??.??"]

1. d4 Nf6 2. Bg5 d5 3. Bxf6 exf6 4. e3 c6 5. c4 Be6 6. cxd5 Bxd5 7. Nf3 Nd7 8.
Be2 Bd6 9. O-O O-O 10. Nc3 Be6 11. Rc1 f5 12. Qc2 Rc8 13. Bd3 g6 14. Rfe1 Nf6
15. Qd2 a6 16. e4 fxe4 17. Bxe4 Qc7 18. h3 Bf4 19. Qd3 Bxc1 20. Rxc1 Qf4 21.
Re1 Rcd8 22. g3 Qh6 23. h4 Ng4 24. Ng5 Ne5 25. Qc2 Rxd4 26. Nxe6 fxe6 27. Qb3
Rf7 28. Qxe6 Nd3 29. Bxd3 Rxd3 30. Ne4 Qg7 31. Ng5 Rdd7 32. Nxf7 Rxf7 33. Qb3
Qf6 34. Re2 Qf5 35. Re8+ Kg7 36. Re2 c5 37. Qc3+ Kh6 38. Qd2+ Kg7 39. a3 b5 40.
f4 Rd7 41. Qc3+ Kh6 42. Kg2 Rd3 43. Qe5 Qh5 44. Qe7 Qf3+ 45. Kh2 Qxg3+ 46. Kh1
Qh3+ 47. Kg1 Rg3+ 48. Kf2 Qh2+ 49. Ke1 Rg1+ 50. Kd2 Qxf4+ 51. Qe3 Qxe3+ 52.
Rxe3 Rg4 53. Re5 c4 54. Re6 a5 55. Re5 Rd4+ 56. Kc3 Rd3+ 57. Kc2 Rh3 58. Rxb5
a4 59. Rb4 Rxh4 60. Rxa4 g5 61. Ra6+ Kh5 62. Rc6 Rg4 63. a4 Rf4 64. a5 g4 65.
Rc5+ Kh4 66. a6 Rf6 67. Ra5 Rf8 68. Kc3 g3 69. Kxc4 g2 70. a7 g1=Q 0-1

[Event "Faxe EMT 2001"]
[Site "Faxe"]
[Date "2001.05.02"]
[Round "6"]
[White "Rasmussen, Arne"]
[Black "Toftvang, Ove"]
[Result "1/2-1/2"]
[WhiteElo "1243"]
[BlackElo "1202"]
[PlyCount "154"]
[EventDate "2001.??.??"]

1. e4 Nc6 2. Nf3 g6 3. Bb5 Bg7 4. O-O e5 5. Re1 a6 6. Ba4 Qf6 7. d3 Nge7 8. Bg5
Qd6 9. Nbd2 b5 10. Bb3 h6 11. Bxe7 Qxe7 12. a3 d6 13. Ba2 Bg4 14. h3 Be6 15.
Bxe6 Qxe6 16. Rf1 O-O 17. Nb3 a5 18. d4 Qe8 19. d5 Ne7 20. Qd3 a4 21. Nbd2 g5
22. c4 Rb8 23. b3 b4 24. axb4 Rxb4 25. bxa4 Rxa4 26. Rfb1 Qd7 27. Rxa4 Qxa4 28.
Qb3 Qd7 29. Ra1 g4 30. hxg4 Qxg4 31. Qb7 Qd7 32. Ra8 Ng6 33. Rxf8+ Bxf8 34. Nb3
Be7 35. Qc6 Qc8 36. Na5 Nf4 37. Qb7 Qd7 38. Qc6 Qc8 39. Qb7 Qg4 40. Qb8+ Kg7
41. Ne1 Qe2 42. Qb1 Qg4 43. Qb3 Ne2+ 44. Kf1 Qxe4 45. Qf3 Nc3 46. Qxc3 Bg5 47.
Qc2 Qh4 48. Nf3 Qh1+ 49. Ke2 Qh5 50. Qe4 Bf4 51. Ke1 f5 52. Qe2 Qh1+ 53. Qf1
Qh5 54. Qe2 Qe8 55. Nc6 Kf6 56. g3 Bg5 57. Nxg5 hxg5 58. f4 g4 59. fxe5+ dxe5
60. Qb2 f4 61. gxf4 g3 62. fxe5+ Kf5 63. Qe2 Kf4 64. Qd2+ Kg4 65. Qe2+ Kh4 66.
Kf1 Qg6 67. Kg1 Qb1+ 68. Kg2 Qf5 69. e6 Qh3+ 70. Kf3 g2+ 71. Kf2 Qg3+ 72. Kg1
Qg6 73. Qxg2 Qb1+ 74. Kh2 Qa1 75. Nd8 Qe5+ 76. Kh1 Qe1+ 77. Qg1 Qe4+ 1/2-1/2

[Event "Faxe EMT 2001"]
[Site "Faxe"]
[Date "2001.05.02"]
[Round "6"]
[White "Hansen, Erik Friberg"]
[Black "Bigum, Vagn"]
[Result "1-0"]
[WhiteElo "1119"]
[BlackElo "1000"]
[PlyCount "43"]
[EventDate "2001.??.??"]

1. d4 Nf6 2. c4 e5 3. d5 Bc5 4. Bg5 d6 5. h3 O-O 6. e3 h6 7. Bh4 g5 8. Bg3 Nh5
9. Qxh5 Bf5 10. Nc3 Kh7 11. e4 Bg6 12. Qd1 f5 13. exf5 Bxf5 14. Bd3 e4 15. Nxe4
Qe7 16. Qe2 Bb4+ 17. Nc3 Qf7 18. O-O-O Na6 19. Nf3 Nc5 20. Bxf5+ Qxf5 21. Qc2
Rae8 22. Qxf5+ 1-0

[Event "Faxe EMT 2001"]
[Site "Faxe"]
[Date "2001.05.02"]
[Round "6"]
[White "Manly, Arne"]
[Black "Hansen, Mogens Egon"]
[Result "0-1"]
[WhiteElo "1466"]
[BlackElo "1363"]
[PlyCount "108"]
[EventDate "2001.??.??"]

1. e4 c5 2. Nf3 d6 3. c3 Nf6 4. Qc2 Nc6 5. Bb5 Bd7 6. d4 cxd4 7. cxd4 Rc8 8.
Nc3 e6 9. a3 a6 10. Ba4 Be7 11. O-O O-O 12. Bb3 Qb6 13. Be3 Qc7 14. h3 Na5 15.
Ba2 Nc4 16. Rad1 Nxb2 17. Qxb2 Qxc3 18. Qxc3 Rxc3 19. e5 Ne8 20. Bc1 d5 21. Bb2
Rc8 22. Rc1 Nc7 23. Rfe1 Nb5 24. a4 Na7 25. Bb3 Nc6 26. Re3 Rc7 27. Bc3 Rfc8
28. Bd2 Nb4 29. Rec3 Rxc3 30. Rxc3 Nc6 31. Kf1 Na7 32. Rxc8+ Nxc8 33. Ne1 b5
34. axb5 Bxb5+ 35. Kg1 Nb6 36. Nc2 Nc4 37. Bb4 Bxb4 38. Nxb4 Na5 39. Bc2 Nc6
40. Nxc6 Bxc6 41. Kf1 Bb5+ 42. Ke1 Kf8 43. Kd2 h6 44. g3 Ke7 45. Kc3 Kd7 46.
Kb4 Kc6 47. f4 Kb6 48. g4 g6 49. f5 g5 50. Ba4 a5+ 51. Kb3 Bxa4+ 52. Kxa4 Ka6
53. Kb3 Kb5 54. Kc3 a4 0-1

[Event "Faxe EMT 2001"]
[Site "Faxe"]
[Date "2001.05.02"]
[Round "6"]
[White "Karstensen, Preben"]
[Black "Nielsen, Johannes"]
[Result "1-0"]
[WhiteElo "1647"]
[BlackElo "1300"]
[PlyCount "79"]
[EventDate "2001.??.??"]

1. d4 d5 2. c4 c6 3. e3 Nf6 4. Nf3 Bg4 5. h3 Bxf3 6. Qxf3 g6 7. Nc3 Bg7 8. cxd5
cxd5 9. Bd3 O-O 10. O-O Re8 11. b3 Nc6 12. Bb2 e5 13. dxe5 Nxe5 14. Qd1 Nxd3
15. Qxd3 a6 16. Ne2 Rc8 17. Rac1 Rxc1 18. Rxc1 Qd7 19. Nf4 h5 20. Bxf6 Qf5 21.
Qxf5 gxf5 22. Bxg7 Kxg7 23. Nxh5+ Kg6 24. Nf4+ Kg7 25. Nxd5 Rd8 26. Nf4 Rd2 27.
Ra1 b5 28. Kf1 Rd6 29. Ke2 a5 30. Rd1 Rc6 31. Rd2 Rc3 32. Nd5 Rc6 33. g4 fxg4
34. hxg4 Rd6 35. Nc3 Rxd2+ 36. Kxd2 Kg6 37. f4 f5 38. g5 b4 39. Nd5 a4 40. bxa4
1-0

[Event "Faxe EMT 2001"]
[Site "Faxe"]
[Date "2001.05.09"]
[Round "7"]
[White "Jensen, Leif"]
[Black "Andreasen, Per Anthoni"]
[Result "1-0"]
[WhiteElo "2052"]
[BlackElo "1538"]
[PlyCount "97"]
[EventDate "2001.??.??"]

1. e4 e6 2. d4 d5 3. Nd2 dxe4 4. Nxe4 Bd7 5. Nf3 Ne7 6. Ne5 Ng6 7. Nxd7 Nxd7 8.
c3 Nb6 9. Bd3 Qd5 10. Qe2 O-O-O 11. Bc2 f5 12. Ng3 Kb8 13. f3 Bd6 14. Bb3 Bxg3+
15. hxg3 Qd6 16. f4 h6 17. Be3 Nd5 18. O-O-O Rhe8 19. Bf2 a6 20. Qf3 Nf6 21.
Rhe1 Ne4 22. Bc2 Nf6 23. Re2 Qd5 24. Bb3 Qd6 25. Rde1 Ne4 26. Bc2 Nf6 27. d5
Qxd5 28. Qxd5 Rxd5 29. Rxe6 Red8 30. Bd4 Nf8 31. Re7 Rxd4 32. cxd4 g6 33. d5
Nxd5 34. Re8 Kc8 35. Rxd8+ Kxd8 36. Rd1 c6 37. Bb3 Kc7 38. Bxd5 cxd5 39. Rxd5
Nd7 40. Kc2 Nf6 41. Re5 Kd6 42. Kd3 Ng4 43. Re2 Nf6 44. Kd4 Nh5 45. Re3 Nf6 46.
Rb3 Kc6 47. Rc3+ Kd6 48. Rc8 Nh5 49. Rg8 1-0

[Event "Faxe EMT 2001"]
[Site "Faxe"]
[Date "2001.05.09"]
[Round "7"]
[White "Hansen, Ove Bonnelykke"]
[Black "Eckert, Svend"]
[Result "0-1"]
[WhiteElo "1604"]
[BlackElo "1642"]
[PlyCount "92"]
[EventDate "2001.??.??"]

1. e4 c6 2. d4 d5 3. Nd2 Nd7 4. Ngf3 e6 5. Bd3 Ne7 6. O-O Ng6 7. exd5 cxd5 8.
Re1 Bd6 9. c4 Nf6 10. cxd5 Nxd5 11. Nc4 Be7 12. Bd2 Ngf4 13. Bxf4 Nxf4 14. Bf1
O-O 15. Rc1 Bb4 16. Re4 Ng6 17. a3 Be7 18. Nce5 Nxe5 19. dxe5 Qb6 20. b4 Rd8
21. Rd4 Kf8 22. Rxd8+ Qxd8 23. Qc2 g6 24. Rd1 Qb6 25. Qd2 Kg7 26. Qc3 a5 27. b5
Bc5 28. a4 Bxf2+ 29. Kh1 Bc5 30. Nd2 Qc7 31. Ne4 b6 32. Qf3 Bb7 33. Qf6+ Kg8
34. Nd6 Bd5 35. Nc4 Rd8 36. Rc1 Be7 37. Qf4 Bc5 38. Qf6 Be4 39. Ne3 Rd4 40. Ng4
Bxg2+ 41. Bxg2 Rxg4 42. Bc6 Qe7 43. Rd1 Rd4 44. Qf1 Qg5 45. Rxd4 Bxd4 46. Be8
Qf5 0-1

[Event "Faxe EMT 2001"]
[Site "Faxe"]
[Date "2001.05.09"]
[Round "7"]
[White "Liebermann, Alexander"]
[Black "Jensen, Herman"]
[Result "0-1"]
[WhiteElo "1951"]
[BlackElo "1590"]
[PlyCount "72"]
[EventDate "2001.??.??"]

1. e4 c6 2. d4 d5 3. Nc3 dxe4 4. Nxe4 e6 5. Nf3 Be7 6. Bd3 Nf6 7. O-O Nbd7 8.
c3 Qc7 9. h3 Nxe4 10. Bxe4 Nf6 11. Bc2 b6 12. Qd3 Bb7 13. a4 Rd8 14. Be3 c5 15.
Ne5 O-O 16. Ng4 g6 17. Qe2 Qc6 18. f3 Nh5 19. Rfc1 Qc7 20. a5 Bd6 21. Bg5 Be7
22. Bh6 Rfe8 23. Ba4 Bc6 24. Be3 Bxa4 25. Rxa4 b5 26. Qxb5 Ng3 27. Qc4 Nf5 28.
Bf2 Rd5 29. b4 h5 30. Ne5 Bg5 31. Re1 Bf4 32. bxc5 Bxe5 33. dxe5 Rxe5 34. Rb1
Rd5 35. a6 Red8 36. Raa1 Rd2 0-1

[Event "Faxe EMT 2001"]
[Site "Faxe"]
[Date "2001.05.09"]
[Round "7"]
[White "Wehlast, Svend Erik"]
[Black "Hansen, Knud"]
[Result "1/2-1/2"]
[WhiteElo "1323"]
[BlackElo "1763"]
[PlyCount "76"]
[EventDate "2001.??.??"]

1. d4 d5 2. Nf3 Nf6 3. a3 g6 4. e3 Bg7 5. c4 c6 6. Nc3 O-O 7. c5 a5 8. Bd2 Re8
9. b4 axb4 10. axb4 Rxa1 11. Qxa1 Qc7 12. b5 b6 13. cxb6 Qxb6 14. Na4 Qc7 15.
b6 Qd6 16. Nc5 Nfd7 17. b7 Nxc5 18. bxc8=Q Rxc8 19. dxc5 Qxc5 20. Qc1 Qxc1+ 21.
Bxc1 e5 22. Be2 e4 23. Nd2 Bc3 24. O-O c5 25. f3 f5 26. fxe4 fxe4 27. Bg4 Rd8
28. Nb3 Na6 29. Ba3 c4 30. Nd4 Nc7 31. Nc6 Ra8 32. Bc5 h5 33. Bd7 Bb2 34. Ne7+
Kg7 35. Bd4+ Bxd4 36. exd4 c3 37. Bc6 Ra5 38. Rc1 e3 1/2-1/2

[Event "Faxe EMT 2001"]
[Site "Faxe"]
[Date "2001.05.09"]
[Round "7"]
[White "Eriksen, Knud Ejler"]
[Black "Nielsen, Poul Erik2"]
[Result "1-0"]
[WhiteElo "1166"]
[BlackElo "1399"]
[PlyCount "75"]
[EventDate "2001.??.??"]

1. e4 c5 2. Nf3 Nc6 3. d3 g6 4. Be3 Bg7 5. c3 b6 6. Nbd2 d6 7. Be2 Nf6 8. h3
O-O 9. O-O Ba6 10. Re1 Nd7 11. Qa4 Bb7 12. Bg5 Qc8 13. Nh2 e6 14. Ng4 Re8 15.
Nh6+ Bxh6 16. Bxh6 Nce5 17. f4 Nc6 18. Qc2 Ne7 19. c4 d5 20. cxd5 exd5 21. exd5
Nxd5 22. Ne4 N7f6 23. Nd6 Qd7 24. Nxe8 Rxe8 25. b3 Ne3 26. Qb2 Qf5 27. Bg5 Nfd5
28. Bh6 f6 29. g4 Qd7 30. d4 cxd4 31. Qxd4 Nc2 32. Qc4 Nxa1 33. Rxa1 Qe6 34.
Bf3 Qe3+ 35. Kg2 Qxf3+ 36. Kxf3 Kh8 37. Kg3 Re3+ 38. Kh4 1-0

[Event "Faxe EMT 2001"]
[Site "Faxe"]
[Date "2001.05.09"]
[Round "7"]
[White "Jensen, Niels"]
[Black "Rasmussen, Arne"]
[Result "1-0"]
[WhiteElo "1277"]
[BlackElo "1243"]
[PlyCount "77"]
[EventDate "2001.??.??"]

1. e4 e5 2. Bc4 Nf6 3. Nc3 Bb4 4. Nd5 Nxd5 5. Bxd5 c6 6. Bb3 O-O 7. a3 Ba5 8.
Nf3 d6 9. h3 Nd7 10. O-O Nc5 11. Ba2 Nxe4 12. d3 Nf6 13. Bg5 h6 14. Bh4 Be6 15.
c3 Bxa2 16. Rxa2 Re8 17. Nd2 d5 18. b4 Bc7 19. Qf3 Re6 20. c4 Qe8 21. Rc2 e4
22. dxe4 dxe4 23. Qe3 Nh5 24. Bg3 Bxg3 25. fxg3 a6 26. Nb3 Nf6 27. Nd4 Re5 28.
Nf5 Qe6 29. Nd4 Qe7 30. Rcf2 Rf8 31. Nf5 Qe6 32. Nxh6+ gxh6 33. Rxf6 Qxc4 34.
Rxh6 Qd3 35. Qf4 Qd5 36. Rg6+ fxg6 37. Qxf8+ Kh7 38. Rf7+ Qxf7 39. Qxf7+ 1-0

[Event "Faxe EMT 2001"]
[Site "Faxe"]
[Date "2001.05.09"]
[Round "7"]
[White "Refsgaard, Kaj"]
[Black "Hansen, Mogens Egon"]
[Result "1/2-1/2"]
[WhiteElo "1692"]
[BlackElo "1363"]
[PlyCount "54"]
[EventDate "2001.??.??"]

1. c4 c5 2. Nc3 Nc6 3. Nf3 Nf6 4. d3 d5 5. cxd5 Nxd5 6. g3 Nf6 7. Bg2 e6 8. O-O
Be7 9. Bg5 h6 10. Bxf6 Bxf6 11. Qc2 O-O 12. Ne4 b6 13. Nfd2 Bb7 14. Nxf6+ Qxf6
15. Ne4 Qe7 16. Qc3 Rfd8 17. f4 Rab8 18. Rf3 f5 19. Nd2 Rf8 20. Re1 Qf6 21. Qc1
Nd8 22. e4 fxe4 23. Nxe4 Bxe4 24. Rxe4 Nc6 25. Qc4 Nd4 26. Rfe3 Kh8 27. b4 b5
1/2-1/2

[Event "Faxe EMT 2001"]
[Site "Faxe"]
[Date "2001.05.09"]
[Round "7"]
[White "Karstensen, Preben"]
[Black "Hansen, Erik Friberg"]
[Result "1-0"]
[WhiteElo "1647"]
[BlackElo "1119"]
[PlyCount "69"]
[EventDate "2001.??.??"]

1. d4 d5 2. c4 e6 3. e3 Nf6 4. Nf3 Nbd7 5. a3 b6 6. cxd5 exd5 7. Bb5 a6 8. Bc6
Rb8 9. Ne5 Bd6 10. Nc3 O-O 11. Nxd7 Bxd7 12. Bxd5 c6 13. Bf3 Re8 14. O-O Qc7
15. g3 Qb7 16. b4 b5 17. Bb2 Be6 18. Re1 Qd7 19. e4 Bc7 20. e5 Nd5 21. Ne4 Bb6
22. Rc1 Bf5 23. Nd6 Rf8 24. Nxf5 Qxf5 25. Rxc6 Rfd8 26. Bg4 Qg5 27. h4 Qe7 28.
e6 fxe6 29. Bxe6+ Kh8 30. Bxd5 Qd7 31. Bg2 Qf7 32. Qc2 Qd7 33. d5 Qf7 34. Rh6
Qg8 35. Be4 1-0

[Event "Faxe EMT 2001"]
[Site "Faxe"]
[Date "2001.05.09"]
[Round "7"]
[White "Nielsen, Johannes"]
[Black "Bigum, Vagn"]
[Result "1/2-1/2"]
[WhiteElo "1300"]
[BlackElo "1000"]
[PlyCount "28"]
[EventDate "2001.??.??"]

1. e4 e5 2. Nf3 f5 3. Nc3 Nf6 4. d3 Bb4 5. Bd2 f4 6. Nxe5 O-O 7. Ng4 Nh5 8. Qf3
Nc6 9. Qd1 d6 10. f3 Nd4 11. Nd5 Qh4+ 12. Nf2 Bxd2+ 13. Qxd2 Qd8 14. O-O-O Be6
1/2-1/2